Mấy suy nghĩ về nền văn học các dân tộc thiểu số ở Việt Bắc

সংরক্ষণ করুন:
গ্রন্থ-পঞ্জীর বিবরন
অন্যান্য লেখক: Hoàng, Như Mai, Khái, Vinh, Nông, Quốc Chấn, Phúc, Tước, Vũ, Duy, Trang, Nghị
বিন্যাস: গ্রন্থ
প্রকাশিত: Hà Nội Hội Nhà văn 2018
বিষয়গুলি:
ট্যাগগুলো: ট্যাগ যুক্ত করুন
কোনো ট্যাগ নেই, প্রথমজন হিসাবে ট্যাগ করুন!
Thư viện lưu trữ: Trung tâm Học liệu Lê Vũ Hùng, Trường Đại học Đồng Tháp
LEADER 01296pam a22003378a 4500
001 00044709
008 110506s1983 ||||||Viesd
005 20190927140951.0
020 # # |a 9786049721090  |c 0 
041 0 # |a Vie 
082 1 4 |a 895.922 09  |b M126S 
245 0 0 |a Mấy suy nghĩ về nền văn học các dân tộc thiểu số ở Việt Bắc  |c Hoàng Như Mai, Nông Quốc Chấn,... [và những người khác] 
260 # # |a Hà Nội  |b Hội Nhà văn  |c 2018 
300 # # |a 227 tr.  |c 21 cm. 
500 # # |a ĐTTS ghi : Liên hiệp các hội văn học nghệ thuật Việt Nam. Hội văn học nghệ thuật các dân tộc thiểu số Việt Nam 
653 # # |a Thơ 
653 # # |a Phê bình 
653 # # |a Dân tộc thiểu số 
653 # # |a Truyện ngắn 
653 # # |a Văn học Việt Nam 
653 # # |a Việt Bắc 
653 # # |a Tác phẩm 
700 1 # |a Hoàng, Như Mai 
700 1 # |a Khái, Vinh 
700 1 # |a Nông, Quốc Chấn 
700 1 # |a Phúc, Tước 
700 1 # |a Vũ, Duy 
700 1 # |a Trang, Nghị 
852 # # |j KD.0025373 
910 # # |d 27/9/2019 
980 # # |a Trung tâm Học liệu Lê Vũ Hùng, Trường Đại học Đồng Tháp